000 01100nam a2200277Ia 4500
003 OSt
005 20221005105538.0
006 a|||||r|||| 00| 0
007 ta
008 221004b |||||||| |||| 00| 0 hin d
020 _a9788126714797 (hbk)
_cINR 250.00
024 _a34938
037 _bBR3079, 15/09/2017, Rajkamal Prakashan Pvt. Ltd.
_cTextual
040 _aCRL
_cCRL
_bhin
041 _2hin
_ahin
082 _aO152,3N607x, P8
100 _aमोरवाल, भगवानदास, ले.
245 0 _aसीढ़ियॉं, मॉं और उसका देवता
246 _aSīढ़iyaॉan, maॉan aur usakā devatā
260 _aनई दिल्ली
_bराजकमल प्रकाशन भारत
_c2008
300 _a222पृ0
_ccm.
650 _a हिन्दी साहित्य
650 _aहिन्दी कहानी
942 _hO152,3N607x, P8
_cTEXL
_2cc
999 _c1016135
_d1016135